Návrh upínacích komponentov konektora RJ45 pre výrobnú linku

Enregistré dans:
Détails bibliographiques
Auteur principal: Štefula, Peter (Auteur)
Autres auteurs: Moravčíková, Jana (Directeur de thèse)
Format: Manuscrit Livre
Langue:slovaque
Publié: 2016
Sujets:
Accès en ligne:http://is.stuba.sk/zp/portal_zp.pl?podrobnosti=106226
Tags: Ajouter un tag
Pas de tags, Soyez le premier à ajouter un tag!

MARC

LEADER 00000ntm a22000003a 4500
001 stuzp56132
003 SK-STU
005 20160719154919.7
007 ta
008 150427s2015----xo-----f-mn---000-0-slo-d
040 |a STU  |b slo 
041 0 |a slo 
100 1 |a Štefula, Peter  |u 063000  |4 aut  |U MTF Materiálovotechnologická fakulta  |T MTF Ústav výrobných technológií  |X 71923  |U M3000  |Y 83  |7 71923 
242 0 1 |a Design of fixing components for the RJ45 connector in the production line  |y eng 
245 1 0 |a Návrh upínacích komponentov konektora RJ45 pre výrobnú linku 
260 |c 2016 
650 4 |a prípravok  |2 slo 
650 4 |a upínanie  |2 slo 
650 4 |a konektor  |2 slo 
650 4 |a component  |2 eng 
650 4 |a fixing  |2 eng 
650 4 |a connector  |2 eng 
700 1 |a Moravčíková, Jana  |u 063800  |k Z1  |4 ths  |U MTF Ústav výrobných technológií  |T MTF Katedra výrobných systémov, metrológie a montáže  |X 1526  |U M3800  |Y 660  |7 A000001526 
856 4 |u http://is.stuba.sk/zp/portal_zp.pl?podrobnosti=106226 
996 |c M* BP-7711  |l MMSKP  |s P  |a 0  |w stuzp56132_0001 
SQL |a stuzp56132  |b DBP  |c SLO  |d Návrh upínacích komponentov konektora RJ45 pre výrobnú linku  |e 71923  |f Štefula, Peter  |g 063000  |h 1526  |i Moravčíková, Jana  |j 20160621  |k 174  |l 06  |m http://is.stuba.sk/zp/portal_zp.pl?podrobnosti=106226  |n B-PPT  |o 5.2.51. výrobné technológie